Winx club transformacje - Statystyki

Ogólne statystyki
  • Ten quiz został rozwiązany 17 razy
  • Średni wynik to 12 z 26
Statystyki odpowiedzi
Sezon Odpowiedź % Poprawnych
8 Crystal Sirenix
100%
5 Dark Sirenix
100%
3 Enchantix
100%
5 Sirenix
100%
6 Bloomix
94%
4 Believix
75%
1 Magia winx
75%
2 Charmix
63%
5 Harmonix
63%
4 Sophix
50%
7 Butterflix
44%
7 Tynix
44%
8 Cosmix
38%
4 Lovix
38%
4 Speedix
38%
6 Mythix
31%
4 Zoomix
31%
WoW Dreamix
25%
4 Super Trix
25%
4 Tracix
25%
2 Gloomix
19%
WoW Onyrix
19%
1 Czarownica
6%
6 Dark witch
6%
3 Disenchantix
6%
7 Zmiennokształtna wiedźma
6%
Nie znaleziono quizów pasujących do podanych kryteriów
Rozkład punktacji
Procent ludzi z każdym wynikiem
Percentyl według liczby udzielonych odpowiedzi
Twoja historia wyników
Nie rozwiązałeś tego quizu